Meg kell találni a közös utakat, közös lehetőségeket!

Bibliographic Details
Main Author: Balódi, László (Author)
Format: Article
Language:Hungarian
PhysicalDescription:Fotogr.
ISSN:1339-9810
Subjects:

MARC

LEADER 00000nab a2200000 a 4500
001 vtls011496181
003 SK-MaSNL
005 20260318132346.0
008 160222|2015 xo m| 000 02hun
015 |a SNBRB2016/02 
038 |a DSZK 
040 |a DSZK  |b slo  |c DSZK  |e AACR2 
041 |a hun 
044 |a xo  |c SK 
080 |a 329.4  |x (437.6)  |x (=511.141)  |b Most-Híd  |2 2001 
080 |a 324:342.53  |2 2001 
245 0 0 |a Meg kell találni a közös utakat, közös lehetőségeket!  |c [szerző] PR, Balódi László 
300 |b Fotogr. 
600 1 7 |a Balódi, László  |2 dszk  |9 1087248 
610 2 7 |a Most-Híd (politická strana)  |2 dszk  |9 233352 
648 7 |a 2016  |2 dszk  |9 339798 
650 0 7 |a parlamentné voľby  |2 SNKPH  |9 1623 
650 0 7 |a politickí kandidáti  |2 SNKPH  |9 114974 
651 7 |a Vydrany (Slovensko)  |2 SNKPH  |9 69676 
700 1 |a Balódi, László  |4 ive  |4 aut  |9 1087248 
773 0 |t Klikk out  |g Évf. 6, sz. 2 (2016), o. 16-18  |x 1339-9810 
852 |a DSZK  |b KIS3GCP 
958 |a HU 
958 |a SK 
999 |c 2123082  |d 2125012